Tabela Periódica - Metais Alcalinos - Statistics

Estatísticas Gerais
  • Esse quiz foi jogado 317 vezes
  • A pontuação média é 6 de 7
Estatísticas das Respostas
# Símbolo Elemento % Correto
1 H Hidrogênio
97%
3 Li Lítio
87%
11 Na Sódio
87%
19 K Potássio
85%
87 Fr Frâncio
74%
55 Cs Césio
71%
37 Rb Rubídio
63%
Nenhum quiz correspondente encontrado
Distribuição das Pontuações
Porcentagem de Pessoas com Cada Pontuação
Percentil de Números Respondidos
Sua Pontuação Histórica
Você não jogou esse quiz